| 000 | 00878nam a2200277 a 4500 | ||
|---|---|---|---|
| 001 | 34843 | ||
| 003 | BD-RjUL | ||
| 005 | 20211209052224.0 | ||
| 008 | 140519s1969 enka b 000 0 eng | ||
| 020 | _a0710063458 | ||
| 020 | _a0710063474 (pbk) | ||
| 035 | _a(BD-RjUL)34937 | ||
| 040 |
_aDLC _cDLC _beng _dBD-RjUL |
||
| 041 | _aeng | ||
| 082 |
_a306.80941 _bTUF 1969 |
||
| 100 | 1 |
_aTurner, Christopher. _9106059 |
|
| 245 | 1 | 0 |
_aFamily and kinship in modern Britain : _ban introduction / _cby Christopher Turner |
| 260 |
_aLondon : _bRoutledge & Kegan Paul ; _aNew York : _bHumanities Press, _c1969 |
||
| 300 |
_aix, 118 p. : _bill. ; _c19 cm |
||
| 504 | _aBibliography: p. 115-[118] | ||
| 650 | 0 |
_aFamilies _zGreat Britain. _9106060 |
|
| 650 | 0 |
_aKinship _zGreat Britain _9106061 |
|
| 830 | 0 |
_aStudents library of sociology _9106182 |
|
| 942 |
_2ddc _cBK |
||
| 999 |
_c34843 _d34843 |
||